| 000 | 00710nam a2200181Ia 4500 | ||
|---|---|---|---|
| 008 | 100920s9999 xx 000 0 und d | ||
| 082 |
_b40062 _a28 व 320 थ 50 |
||
| 100 | _aदेवगिरीकर त्र्यं. र. | ||
| 245 | _aभारतीय राज्यघटना सार. | ||
| 260 |
_bचित्रशाळा प्रकाशन.पुणे2. _c1950 |
||
| 300 |
_a22 _bसाधी |
||
| 365 | _b0.36 | ||
| 520 | _aबा.वि.राजकारण. | ||
| 630 | _aभारतीय राज्यघटना सार. | ||
| 650 | _aबा.वि.राजकारण. | ||
| 730 | _aभारतीय राज्यघटना सार. | ||
| 942 | _cBOOK | ||
| 999 |
_c691290 _d691287 |
||